00366nam a22001337a 4500003000400000020002000004082001600024100002100040245007900061250000900140260004900149300001000198650002400208SGT a 978-9352701483 a616.8bI18B aBhuiyan, Pritha  aInderbir Singh's Textbook of Human Neuroanatomy: (fundamental & Clinical)  a10TH aNEW DELHIbJaypee Brothers Medical Pubc2018 a1-273 a Human Neuroanatomy